header

Active sensors for local planning in mobile robotics (Record no. 14407)

MARC details
000 -LEADER
fixed length control field 01398nam a2200349Ia 4500
082 04 - DEWEY DECIMAL CLASSIFICATION NUMBER
Classification number 629.8/92
100 1# - MAIN ENTRY--AUTHOR NAME
Personal name Smith, Penelope Probert.
245 10 - TITLE STATEMENT
Title Active sensors for local planning in mobile robotics
260 ## - PUBLICATION, DISTRIBUTION, ETC. (IMPRINT)
Place of publication River Edge, NJ :
Name of publisher World Scientific,
Year of publication 2001.
300 ## - PHYSICAL DESCRIPTION
Number of Pages xvii, 317 p. :
Other physical details ill.
490 1# - SERIES STATEMENT
Series statement World Scientific series in robotics and intelligent systems ;
650 #0 - SUBJECT ADDED ENTRY--TOPICAL TERM
Topical Term Mobile robots.
Topical Term Detectors.
Topical Term Signal processing.
856 40 - ELECTRONIC LOCATION AND ACCESS
Uniform Resource Identifier http://site.ebrary.com/lib/rucke/Doc?id=10255993

No items available.

© 2026 Rongo University
Contact us: librarian | system librarian | Rongo university